• 首页
  • 本馆介绍
  • 公告通知
  • 最新文献
  • 馆藏检索
  • 电子资源
  • 读者导购
  • 参考咨询
  • 我的图书馆
  • 登录
  • 详细信息显示
  • 放入我的书架
  • 预约/预借图书
  • 作者相关作品
  • 分类相关作品
  • 丛书相关作品
  • 出版社相关作品

书目信息

  • 表格格式
  • 工作单格式
  • 卡片格式
题名:
开滦煤矿矿权史料
    
 
作者: 熊性美 , 阎光华 主编
分册:  
出版信息: 天津   南开大学出版社  2004
页数: 33,924页
开本: 21cm
丛书名:
单 册:
中图分类: F426.21
科图分类:
主题词: 矿山开采--经济史--河北--唐山--20世纪中上叶--史料 , 经济史
电子资源:
ISBN: 7-310-02097-9
000 00938nam0 2200277 45
001 110000007795
005 20051229095101.12
010    @a7-310-02097-9@dCNY60.00
092    @aCN
100    @a20050428d2004 ekmy0chiy0120 ea
101 0  @achi
102    @aCN@b120000
105    @ay z 000yy
200 1  @a开滦煤矿矿权史料@9kai luan mei kuang kuang quan shi liao@f熊性美,阎光华主编@Fxiong xing mei,yan guang hua zhu bian
210    @a天津@c南开大学出版社@d2004
215    @a33,924页@d21cm
330    @a本书揭示了在旧中国的政治经济条件下,从开平煤矿到开滦煤矿,其采矿权和经营管理权如何沦为帝国主义资本家的统治的历史真相。
606 0  @a矿山开采@x经济史@y河北@y唐山@z20世纪中上叶@j史料
606 0  @a经济史
610 0  @a开滦煤矿
690    @aF426.21@v4
701  0 @a熊性美@Axiong xing mei@4主编
701  0 @a阎光华@Ayan guang hua@4主编
801  0 @aCN@bCXYBOOK@c20051229
905    @a10447@dF426.21@e51
999    @aHSJ@eGLX
    
    开滦煤矿矿权史料/熊性美,阎光华主编.-天津:南开大学出版社,2004
    33,924页;21cm
    
    
    ISBN 7-310-02097-9:CNY60.00
    本书揭示了在旧中国的政治经济条件下,从开平煤矿到开滦煤矿,其采矿权和经营管理权如何沦为帝国主义资本家的统治的历史真相。
●
相关链接 在E读中查询图书 在五车中查询图书 在当当中查询图书 在豆瓣中查询图书


正题名:开滦煤矿矿权史料     索取号:F426.21/51         预约/预借

序号 登录号 条形码 馆藏地/架位号 状态 备注
1 0372944   203729448   第一样本阅览室/ [索取号:F426.21/51] 在馆    
欢迎您!
大连网信软件有限公司© 版权所有